| 000 | 00661cam a22002411 4500 | ||
|---|---|---|---|
| 001 | 8470187 | ||
| 003 | ARRUPE | ||
| 005 | 20140611115033.0 | ||
| 008 | 781020s1965 enka 000 0 eng | ||
| 010 | _a 66007597 | ||
| 015 | _aGB65-1210 | ||
| 035 | _a(OCoLC)4309061 | ||
| 040 |
_aDLC _cMdBMC _dUk _dDLC |
||
| 050 | 0 | 0 |
_aSK305.E3 _bR8 |
| 082 | 0 | 0 | _a799.2761 |
| 100 | 1 |
_aRushby, George, _d1900- _910806 |
|
| 245 | 1 | 0 |
_aNo more the tusker _c[by] G. G. Rushby. |
| 260 |
_aLondon, _bW. H. Allen, _c1965. |
||
| 300 |
_a205 p. _billus. _c23 cm. |
||
| 650 | 0 |
_aElephant hunting _910807 |
|
| 906 |
_a7 _bcbc _coclcrpl _du _encip _f19 _gy-gencatlg |
||
| 942 |
_2lcc _cSPC |
||
| 999 |
_c120695 _d120695 |
||